| 000 | 00932nam a2200253 a 4500 | ||
|---|---|---|---|
| 001 | 000047937 | ||
| 005 | 20201002060821.0 | ||
| 008 | 150602s2016 dr a 000 0 spa d | ||
| 020 | _a9789945595901 | ||
| 020 | _a9789945599770 | ||
| 082 |
_axx _bxx |
||
| 100 | 1 |
_aCastro, Víctoria _975484 |
|
| 245 | 1 | 0 |
_aInformática interactiva 2 : _bSegundo grado, primer ciclo educación primaria / _cVíctoria Castro ; corrección de texto Danilda Pérez ; producción editorial María del Jesús de la Rosa ; ilustraciones Henry Cid. |
| 260 |
_aSanto Domingo : _bActualidad escolar 2000, _c2016. |
||
| 300 |
_av. : _bil. ; _c28 cm. |
||
| 490 | _aVeraz | ||
| 505 | 0 |
_av. 1 : _tlibro de texto _gv. 2 _tlibro del maestro. |
|
| 590 | _aInventariado, 2018/VM | ||
| 700 | 1 |
_aPérez, Danilda _ecoorr. _973778 |
|
| 700 | 1 |
_aJesús de la Rosa, María del _929833 |
|
| 700 | 1 |
_aCid, Henry _eil. _9346 |
|
| 830 | 0 | 0 |
_aVeraz _974848 |
| 999 |
_c47425 _d47425 |
||
| 040 | _aDO-SdBNP | ||